<?xml version="1.0" encoding="UTF-8"?>
<marc:record xmlns:marc="http://www.loc.gov/MARC21/slim">
   <marc:leader>00000nam a2200000 a 4500</marc:leader>
   <marc:datafield ind1="0" ind2="0" tag="245">
      <marc:subfield code="a">Nächstes Jahr schenken wir uns nichts</marc:subfield>
   </marc:datafield>
   <marc:datafield ind1="0" ind2="0" tag="245">
      <marc:subfield code="b">Weihnachtsgeschichten</marc:subfield>
   </marc:datafield>
   <marc:datafield ind1=" " ind2="1" tag="264">
      <marc:subfield code="a">München</marc:subfield>
      <marc:subfield code="b">dtv</marc:subfield>
      <marc:subfield code="c">2025</marc:subfield>
   </marc:datafield>
   <marc:datafield ind1="1" ind2=" " tag="490">
      <marc:subfield code="a">dtv großdruck</marc:subfield>
   </marc:datafield>
   <marc:datafield ind1=" " ind2=" " tag="250">
      <marc:subfield code="a">Ungekürzte Ausgabe</marc:subfield>
   </marc:datafield>
   <marc:datafield ind1="1" ind2=" " tag="520">
      <marc:subfield code="a">Fröhliche Weihnacht überall: Gute-Laune-Geschichten zum Fest
Keine Angst vor Weihnachtsstress! Unsere unterhaltsamen Geschichten garantieren allzeit gute Laune unterm Baum. Es erzählen festlich gestimmt: Felicity Whitmore – von einem besonderen Weihnachten in den Cotswolds; Markus Orths – bei dem ein ungewöhnlicher Gast vor der Tür steht; Benjamin Cors – der sich auf das feucht-fröhliche Baumloben freut; Manuela Schörghofer – die die Geschichte vom ersten Weihnachtsbaum kennt, und noch viele andere mehr.
</marc:subfield>
   </marc:datafield>
   <marc:datafield ind1=" " ind2=" " tag="020">
      <marc:subfield code="a">9783423254618</marc:subfield>
      <marc:subfield code="9">9783423254618</marc:subfield>
   </marc:datafield>
   <marc:datafield ind1=" " ind2=" " tag="020">
      <marc:subfield code="a">3423254610</marc:subfield>
      <marc:subfield code="9">3423254610</marc:subfield>
   </marc:datafield>
   <marc:datafield ind1=" " ind2=" " tag="041">
      <marc:subfield code="a">ger</marc:subfield>
   </marc:datafield>
   <marc:datafield ind1=" " ind2=" " tag="300">
      <marc:subfield code="a">318  Seiten</marc:subfield>
   </marc:datafield>
</marc:record>
